000 00864cam a2200241 4500
001 sa 68018551
003 DLC
005 20260227112712.0
008 710719s1967 ii b b 001 0 eng
010 _asa 68018551
025 _aPL480:I-E-10210
040 _aDLC
_cDLC
_dDLC
050 0 0 _aDS432.R23
_bD3
100 1 _aDas, Amal Kumar.
245 1 4 _aThe Rabhas of West Bengal
_c[by] Amal Kumar Das [and] Manis Kumar Raha.
260 _aCalcutta,
_bScheduled Castes and Tribes Welfare Dept., Govt. of West Bengal,
_c1967.
300 _a176 p.
_bmap.
_c23 cm.
490 1 _aBulletin of the Cultural Research Institute, special series no. 9
504 _aIncludes bibliographical references.
650 0 _aRabha (Indic people)
700 1 _aRaha, Manis Kumar,
_ejoint author.
830 0 _aBulletin of the Cultural Research Institute.
_pSpecial series ;
_vno. 9.
999 _c88499
_d88499